[Event "Tarragona-ch"]
[Site "Tarragona"]
[Date "2003.??.??"]
[Round "6"]
[White "Matons Calafi, Jordi"]
[Black "Herreros Rojo, Ivan"]
[Result "1-0"]
[WhiteElo "2095"]
[BlackElo "1940"]
[PlyCount "61"]
[EventDate "2003.??.??"]
[EventType "swiss"]
[EventRounds "9"]
[EventCountry "ESP"]
[SourceTitle "EXT 2007"]
[Source "ChessBase"]
[SourceDate "2006.11.23"]
[SourceVersion "1"]
[SourceVersionDate "2006.11.23"]
[SourceQuality "1"]

1. Nf3 c5 2. g3 d5 3. Bg2 Nc6 4. 0-0 e5 5. d3 f5 6. c4 d4 7. e3 e4 8. dxe4 d3 9. exf5 Bxf5 10. Nh4 Be6 11. Qa4 Bd7 12. Qb3 g5 13. Nf3 Bg7 14. Qxd3 Qe7 15. Nc3 0-0-0 16. Nd5 Qf8 17. Nxg5 h5 18. h4 Bf5 19. Qxf5+ Qxf5 20. Bh3 Qxh3 21. Nxh3 Ne5 22. Nhf4 Re8 23. Rb1 Nxc4 24. b3 Nd6 25. Bb2 Bxb2 26. Rxb2 Rh6 27. Rd1 Ne4 28. Kg2 Rd8 29. f3 Nd6 30. Rbd2 Kb8 31. Nc3 1-0